000 00897nac a22002771i 4500
003 EG-ScBUE
005 20240821090747.0
008 240821t2005 enka f 001 0 eng d
020 _a1851683917 (pbk.)
020 _a9781851683918
040 _aEG-ScBUE
_beng
_erda
_cEG-ScBUE
_dEG-ScBUE
082 0 4 _a509
_bMAT
_222
100 1 _aMatthews, Robert,
_eauthor.
245 1 0 _a25 big ideas :
_bthe science that’s changing our world /
_cRobert Matthews.
246 3 _aTwenty-fifth big ideas :
_bthe science that’s changing our world
264 1 _aOxford :
_bOneworld,
_c[2005]
264 4 _cc2005
300 _ax, 186 pages :
_billustrations ;
_c23 cm
336 _2rdacontent
_atext
_btxt
337 _aunmediated
_2rdamedia
_bn
338 _avolume
_bnc
_2rdacarrier
500 _aIncludes index.
650 7 _aScience
_xHistory.
_2BUEsh
655 _vReading book
942 _cBB
_2ddc
999 _c6455
_d6455